000 01334nam a22003737a 4500
003 CHAP
005 20220329140312.0
008 971013s1978 r 00010 d
010 _a50041
011 _a51013
035 _a55163
040 _cCHAP
090 _aTesis
100 0 0 _aVillasana Gutiérrez, José.
_9119679
245 _aEfecto de épocas de corte de follaje y épocas de cosechas sobre el rendimiento de 3 varieddes de papa (Solanum tuberosum L. y S. andigenum Juz y Buk)
260 _aChapingo, Méx. :
_bEl autor,
_c1978
300 _a100 h.
_b; gráfs.
500 _a1c en bodega
502 _aTesis Ing. Agrónomo Esp. en Fitotecnia) -- ENA. Departamento de Fitotecnia
590 _aALEPH
_b10
_c20130110
_lUCH01
_h1323
590 _aBATCH-UPD
_b10
_c20130110
_lUCH01
_h0543
590 _aBATCH-UPD
_b10
_c20130410
_lUCH01
_h0223
590 _aBATCH-UPD
_b10
_c20130914
_lUCH01
_h1858
590 _aCONVERSION
_b10
_c20130109
_lUCH01
_h1327
650 1 4 _aPapa
_xDefoliación.
_985219
650 1 4 _aPapa
_xFechas de cosecha.
_985235
650 1 4 _aPapa
_xRendimiento.
_985284
650 1 4 _aPapa
_xVariedades.
_985300
901 _aBK
942 _cFOLL
949 _bBC
_cTES
_d-121225
_eTS1
_i55163
_si
949 _bBC
_cTES
_d33724000599049
_eTS2
_fc.3
_i55163
_si
949 _bBC
_cTES
_d33724000685541
_eTS2
_fc.2
_i55163
_si
999 _c50041
_d50041